Statistics for Rivers of South America Quiz

Click here to take the quiz!

General Stats

  • This quiz has been taken 66 times
  • The average score is 3 of 10

Answer Stats

Length (Miles)CountriesRiverWorld Rank (By Length)% Correct
4,345Brazil, Peru, Bolivia, Colombia, Ecuador, Venezuela, GuyanaAmazon1
100%
1,584Brazil, Paraguay, Bolivia, ArgentinaParaguay38
49%
2,100Brazil, Bolivia, PeruMadeira/Mamore/Grande/Caine/Rocha21
35%
1,976BrazilSao Francisco24
35%
2,270BrazilTocantins/Araguaia17
29%
3,030Brazil, Argentina, Paraguay, Bolivia, UruguayParana/Rio de la Plata8
20%
1,625Brazil, ColombiaJapura36
18%
1,995Brazil, PeruPurus22
18%
1,632BrazilAraguaia33
12%
1,553Paraguay, Argentina, BoliviaPilcomayo40
6%

Score Distribution

Percentile by Number Answered

Percent of People with Each Score

Your Score History

You have not taken this quiz